000 00655nam a2200229Ia 4500
003 OSt
005 20221006165128.0
006 a|||||r|||| 00| 0
007 ta
008 221006b |||||||| |||| 00| 0 hin d
024 _a5,819
037 _cTextual
040 _aFML
_cFML
_bhin
041 _2hin
_ahin
082 _aNR44,3, K6.1 -; 1
100 _aSharma Shrutiratna Prabhakar Au.
_9679161
245 0 _aSangeet Kala Praveen Bhaag - 1
260 _aJalandhar
_bDhanpatrai & Sons India
_c1966
300 _a232
_ccm.
942 _hNR44,3, K6.1 -; 1
_cTEXL
_2CC
999 _c1119706
_d1119706